| 000 | 00964nam a22003137a 4500 | ||
|---|---|---|---|
| 999 |
_c31756 _d31753 |
||
| 001 | 14590405 | ||
| 003 | OSt | ||
| 005 | 20190725082940.0 | ||
| 008 | 190725b ||||| |||| 00| 0 eng d | ||
| 010 | _a 2006051569 | ||
| 020 | _a0805347895 | ||
| 020 | _a9780805347890 | ||
| 020 | _a0805347887 (set) | ||
| 020 | _a9780805347883 (set) | ||
| 035 | _a(OCoLC)ocm73994510 | ||
| 040 |
_aMMU _cMMU _dMMU _beng |
||
| 050 | 0 | 0 |
_aQM23.2 _b.M348 2008 |
| 082 | 0 | 0 |
_a611 _222 |
| 100 | 1 |
_aMarieb, Elaine Nicpon, _d1936- |
|
| 245 | 1 | 0 |
_aHuman anatomy / _cElaine N. Marieb, Jon Mallatt, Patricia Brady Wilhelm. |
| 250 | _a5th ed. | ||
| 260 |
_aSan Francisco : _bPearson Benhamin Cummings, _cc2008. |
||
| 300 |
_axxxiii, 846 p. : _bill. (chiefly col.) ; _c29 cm. + _e1 atlas (vii, 129 p. : col. ill. ; 28 cm.) |
||
| 500 | _aIncludes index. | ||
| 650 | 0 |
_aHuman anatomy. _9538 |
|
| 700 | 1 | _aMallatt, Jon. | |
| 700 | 1 | _aWilhelm, Patricia Brady. | |
| 942 |
_2lcc _cLOAN LOAN |
||